Návrh optimalizácie informačnej podpory pre oblasť zásobovania v podniku Pankl Automotive Slovakia, s.r.o. Tovarníky = Optimatization proposal of information support for the area of supply in Pankl Automotive Slovakia, Ltd. Tovarníky : Diplomová práca

Uložené v:
Podrobná bibliografia
Hlavný autor: Trnovcová, Silvia (Autor)
Ďalší autori: Makyšová, Helena, 1976- (xxx)
Médium: Rukopis Kniha
Jazyk:Slovak
Vydavateľské údaje: Trnava : STU v Bratislave MTF UPMK, 2008
Predmet:
Tagy: Pridať tag
Žiadne tagy, Buďte prvý, kto otaguje tento záznam!

MARC

LEADER 00000ntm a22000003a 4500
001 stu167223
005 20160719155836.1
008 080723s2008----xo------------------slo-d
040 |a STU  |b slo 
041 0 |a slo 
044 |a xo 
100 1 |a Trnovcová, Silvia  |4 aut 
245 1 |a Návrh optimalizácie informačnej podpory pre oblasť zásobovania v podniku Pankl Automotive Slovakia, s.r.o. Tovarníky = Optimatization proposal of information support for the area of supply in Pankl Automotive Slovakia, Ltd. Tovarníky :  |b Diplomová práca 
260 |a Trnava :  |b STU v Bratislave MTF UPMK,  |c 2008 
300 |a 69 s  |c príl., 1 CD-ROM 
500 |a Študijný program: priemyselné manažérstvo 
500 |a Študijný odbor: 5.2.52 priemyselné inžinierstvo 
650 7 |a logistika  |2 stusub 
650 7 |a informačný systém podniku  |2 stusub 
700 1 |a Makyšová, Helena,  |d 1976-  |4 xxx  |u M4000  |U MTF Materiálovotechnologická fakulta  |T MTF Ústav priemyselného inžinierstva a manažmentu  |X 2772  |U M4000  |Y 84  |7 A000002772 
996 |b 284M068133  |c M*DP-7411  |l MMSKP  |s P  |a 0  |w stu167223_0001